000 005440000a22001810004500
003 MACL
005 20160406104746.0
008 160406b xxu||||| |||| 00| 0 eng d
040 _aMACL
_cMACL
041 _aHindi
082 _a340
100 _aशर्मा अंजु
_950698
245 _aप्राचीन भारत में न्‍यायिक प्रणाली
260 _bश्‍याम प्रकाशन
_c2001
_aजयपुर
350 _a250
650 _aLaw
_950699
942 _cHIN
_k340
_2ddc
999 _c10958
_d10958